Mamá / (Registro nro. 10701)

Detalles MARC
000 -LEADER
fixed length control field 00935cam a2200337 i 4500
001 - CONTROL NUMBER
control field 0000481
003 - CONTROL NUMBER IDENTIFIER
control field DO-SdBNP
005 - DATE AND TIME OF LATEST TRANSACTION
control field 20160830124034.0
007 - PHYSICAL DESCRIPTION FIXED FIELD--GENERAL INFORMATION
fixed length control field 0000481
008 - FIXED-LENGTH DATA ELEMENTS--GENERAL INFORMATION
fixed length control field 100514s 2011 sp | |||| 000 f spa
015 ## - NATIONAL BIBLIOGRAPHY NUMBER
National bibliography number
017 ## - COPYRIGHT OR LEGAL DEPOSIT NUMBER
Copyright or legal deposit number
Assigning agency
020 ## - INTERNATIONAL STANDARD BOOK NUMBER
International Standard Book Number 9788466324960
035 ## - SYSTEM CONTROL NUMBER
System control number
040 ## - CATALOGING SOURCE
Original cataloging agency BPMSU
Language of cataloging spa
Transcribing agency BPMSU
Description conventions
080 ## - UNIVERSAL DECIMAL CLASSIFICATION NUMBER
Universal Decimal Classification number
082 #4 - DEWEY DECIMAL CLASSIFICATION NUMBER
Classification number 813.54
Item number O11ma
100 1# - MAIN ENTRY--PERSONAL NAME
Personal name Oates, Joyce Carol,
Dates associated with a name 1938-
240 10 - UNIFORM TITLE
Uniform title <a href="Missing mom /">Missing mom /</a>
Language of a work Español
245 10 - TITLE STATEMENT
Title Mamá /
Statement of responsibility, etc. Joyce Carol Oates ; traducción Carme Camps
260 ## - PUBLICATION, DISTRIBUTION, ETC. (IMPRINT)
Place of publication, distribution, etc. Madrid:
Name of publisher, distributor, etc. Santillana ediciones generales,
Date of publication, distribution, etc. 2011.
300 ## - PHYSICAL DESCRIPTION
Extent 479 p.:
Dimensions 19 cm
490 1# - SERIES STATEMENT
Series statement Punto de lectura
Volume/sequential designation 298 / 4
500 ## - GENERAL NOTE
General note Incluye datos biográficos de la autora.
650 ## - SUBJECT ADDED ENTRY--TOPICAL TERM
Topical term or geographic name as entry element NOVELA ESTADOUNIDENSE
650 ## - SUBJECT ADDED ENTRY--TOPICAL TERM
Topical term or geographic name as entry element LITERATURA ESTADOUNIDENSE
700 12 - ADDED ENTRY--PERSONAL NAME
Personal name Camps, Carme
Relator term tr.
830 #0 - SERIES ADDED ENTRY--UNIFORM TITLE
Uniform title Punto de lectura
Number of part/section of a work 298 / 4
942 ## - ADDED ENTRY ELEMENTS (KOHA)
Source of classification or shelving scheme Dewey Decimal Classification
Koha item type Libros
956 ## - LOCAL ELECTRONIC LOCATION AND ACCESS (OCLC)
Host name YLOCKWARD
Field link and sequence number 10
Compression information BPMSU
Existencias
Withdrawn status Lost status Source of classification or shelving scheme Damaged status Not for loan Collection code Home library Current library Date acquired Source of acquisition Total Checkouts Full call number Barcode Date last seen Price effective from Koha item type Copy number
    Dewey Decimal Classification       Biblioteca Pública Metropolitana Salomé Ureña Biblioteca Pública Metropolitana Salomé Ureña 07/05/2016 Alfaguara   813.54 O11ma BPMSU16070107 07/05/2016 07/05/2016 Libros  
    Dewey Decimal Classification       Biblioteca Pública Metropolitana Salomé Ureña Biblioteca Pública Metropolitana Salomé Ureña 07/05/2016 Alfaguara   813.54 O11ma BPMSU16070108 07/05/2016 07/05/2016 Libros e. 2
    Dewey Decimal Classification       Biblioteca Pública Metropolitana Salomé Ureña Biblioteca Pública Metropolitana Salomé Ureña 07/05/2016 Alfaguara   813.54 O11ma BPMSU16070109 07/05/2016 07/05/2016 Libros e. 3